MARC

LEADER 00000nam1a2200000 4500
001 80108
005 20231101213106.0
035 |a (RuTPU)RU\TPU\book\86107 
090 |a 80108 
100 |a 20050901d1985 k a0rusy5003 ca 
101 0 |a rus 
200 1 |a Технология пылеулавливания  |f А. Ю. Вальдберг, Л. М. Исянов, Э. Я. Тарат 
210 |a Ленинград  |c Машиностроение  |d 1985 
215 |a 192 с.  |c ил. 
606 1 |a Пылеуловители  |x Шлифование  |2 stltpush  |3 (RuTPU)RU\TPU\subj\53270  |9 71586 
610 1 |a пылеуловители 
610 1 |a воздух 
610 1 |a машиностроительные заводы 
610 1 |a обеспыливание 
675 |a 621.928.9  |z rus 
700 1 |a Вальдберг  |b А. Ю.  |g Арнольд Юрьевич  |4 070 
702 1 |a Исянов  |b Л. М.  |g Лев Менделевич  |4 070 
702 1 |a Тарат  |b Э. Я.  |g Эммануил Яковлевич  |4 070 
801 1 |a RU  |b 63413507  |c 20050901  |g PSBO 
801 2 |a RU  |b 63413507  |c 20180507  |g PSBO 
942 |c BK